NLSUI OPAC header image

How to prepare for the graduate record examination - General test (Record no. 10406)

MARC details
000 -LEADER
fixed length control field 00425nam a2200157Ia 4500
008 - FIXED-LENGTH DATA ELEMENTS--GENERAL INFORMATION
fixed length control field 160316s1997 xxu||||| |||| 00| 0 eng d
082 ## - DEWEY DECIMAL CLASSIFICATION NUMBER
Classification number 1.200000
Item number BRO-1
100 ## - MAIN ENTRY--PERSONAL NAME
Personal name Brownstein Samuel C
245 ## - TITLE STATEMENT
Title How to prepare for the graduate record examination - General test
250 ## - EDITION STATEMENT
Edition statement
260 ## - PUBLICATION, DISTRIBUTION, ETC.
Place of publication, distribution, etc. New Delhi
Name of publisher, distributor, etc. Galgotia Publications Pvt. Ltd.
Date of publication, distribution, etc. 1997
300 ## - PHYSICAL DESCRIPTION
Extent 631p
Other physical details
Dimensions
365 ## - TRADE PRICE
Price amount 160/-
650 ## - SUBJECT ADDED ENTRY--TOPICAL TERM
Topical term or geographic name entry element
700 ## - ADDED ENTRY--PERSONAL NAME
Personal name
--
Holdings
Withdrawn status Lost status Damaged status Not for loan Home library Current library Shelving location Date acquired Cost, normal purchase price Total Checkouts Full call number Barcode Date last seen Date last checked out Price effective from Koha item type
      Not For Loan . . NAB Compactor 30.05.2017 160.00 1 1.2 BRO-1 10692 17.04.2025 03.04.2025 30.05.2017 BOOKs